=LDR 00000nam 2200000 4500 =001 INLIS000000000033128 =005 20260526092115 =035 ##$$a 0010-061300000033128 =008 260526################g##########0#ind## =041 ##$$a ind =082 ##$$a 345 =090 ##$$a 345, Ham p =100 #$$a Andi Hamzah =245 1#$$a Perbandingan hukum pidana beberapa negara : $b edisi ketiga /$c Andi Hamzah =260 ##$$a Jakarta :$b Sinar Grafika,$c 2009 =300 ##$$a viii,152 hlm, ; $c 20 x 14 cm =650 #4$$a Hukum-Pidana =850 ##$$a NBPNMAT =020 ##$$a 978-979-007-066-0 =084 ##$$a 345 AND p =250 ##$$a cet.1 =990 ##$$a 21304773 =990 ##$$a 0099/BPAP-NTB/2015 =990 ##$$a 0173/BPAP-NTB/2015 =990 ##$$a 2090100857/BPAP-NTB/2015 =990 ##$$a 0001/BPAP-NTB/2015 =990 ##$$a 0001/BPAP-NTB/2016 =990 ##$$a 21304769 =990 ##$$a 0001/BPAP-NTB/2016 =990 ##$$a 21304773 =990 ##$$a 0099/BPAP-NTB/2015 =990 ##$$a 0173/BPAP-NTB/2015 =990 ##$$a 2090100857/BPAP-NTB/2015 =990 ##$$a 0001/BPAP-NTB/2015 =990 ##$$a 21304769